|
|
|
|
| LEADER |
00000nab a2200000 a 4500 |
| 001 |
vtls000716537 |
| 003 |
SK-MaSNL |
| 005 |
20260304114708.0 |
| 008 |
250429c2000 xo 0 slo |
| 015 |
|
|
|a SNBRB2000/03-08768
|
| 035 |
|
|
|a CLN000068704
|
| 035 |
|
|
|a urn:nbn:sk:snk-abd3kc
|
| 035 |
|
|
|a (urnnbn)urn:nbn:sk:snk:ar-004dmw
|
| 035 |
|
|
|a (uuid)20f5f3af-051d-4bf8-9309-a5454b85e793
|
| 040 |
|
|
|a SNKBUCL
|b slo
|c SNKBUCL
|e AACR2
|
| 041 |
0 |
|
|a slo
|
| 044 |
|
|
|a xo
|c SK
|
| 080 |
|
|
|a 244
|2 1997
|
| 080 |
|
|
|a 885.4-1
|2 1997
|
| 080 |
|
|
|a 885.4-97
|2 1997
|
| 100 |
1 |
|
|a Juríčková, Valéria,
|d 1976-
|4 aut
|9 120299
|
| 245 |
1 |
0 |
|a Chválim ťa
|c Valéria Juríčková
|
| 650 |
0 |
7 |
|a meditatívne básne, slovenské
|2 snkbucl
|9 28788
|
| 655 |
|
7 |
|a články z novín a časopisov
|2 snkbucl
|9 267496
|
| 773 |
0 |
|
|t Slovo : časopis gréckokatolíckej cirkvi
|g Roč. 32, č. 2 (2000), s. 12
|
| 850 |
|
|
|a Slovenská národná knižnica
|
| 852 |
|
|
|a Slovenská národná knižnica
|
| 954 |
|
|
|a odborná, vedecká literatúra pôvodná (slovenská)
|2 lita
|
| 958 |
|
|
|a article17
|
| 958 |
|
|
|a LX
|
| 958 |
|
|
|a SK
|
| 958 |
|
|
|a OND
|
| 958 |
|
|
|a EUIPO
|
| 992 |
|
|
|a RBX
|
| 999 |
|
|
|c 2873613
|d 2875543
|